| 000 | 00684nam a2200277Ia 4500 | ||
|---|---|---|---|
| 008 | 170711s9999 xx 000 0 und d | ||
| 020 | _a9780753414538 | ||
| 050 | _a745.5 | ||
| 050 | _bC886 2007 | ||
| 100 | _aCraig, Rebecca | ||
| 245 | _aGorgeous gifts : | ||
| 245 | _brecycle materials to make cool stuff. | ||
| 245 | _cby Rebecca Craig. | ||
| 260 | _aLondon : | ||
| 260 | _bKingfisher, | ||
| 260 | _c2007 | ||
| 300 | _a48 pages : | ||
| 300 | _bcolored illustrations ; | ||
| 300 | _c23cm. | ||
| 440 | _aEcocrafts. | ||
| 500 | _aIncludes index. | ||
| 650 | _aArts and crafts movement. | ||
| 650 | _aDecorative arts. | ||
| 700 | _aSeries. | ||
| 700 | _aTitle. | ||
| 999 |
_c339816 _d339816 |
||